000
00263nam a22001097a 4500
008
170106b xxu||||| |||| 00| 0 eng d
020
_a
0397541600
041
_a
eng
080
_2
9TH
_a
618.2
245
_a
NURSING CARE OF CHILDREN
_c
WAECHTER & BLAKE
942
_2
udc
_c
BK
999
_c
2601
_d
2601